Jak na syndrom vyhoření?
Syndróm vyhorenia u pedagógov. Rozhodujúce faktory pri rozvoji syndrómu vyhorenia. Rozvíjanie osobnostných a profesionálnych kompetencií ako prevencia vzniku syndrómu vyhorenia.
Na minha lista:
| Autor principal: | |
|---|---|
| Formato: | Capítulo de Livro |
| Idioma: | tcheco |
| Assuntos: | |
| Tags: |
Sem tags, seja o primeiro a adicionar uma tag!
|
MARC
| LEADER | 00000naa a2200000 4500 | ||
|---|---|---|---|
| 001 | 0236206 | ||
| 005 | 20220805074032.5 | ||
| 041 | 0 | |a cze | |
| 044 | |a SK | ||
| 245 | 1 | 0 | |a Jak na syndrom vyhoření? |c Markéta Švamberk Šauerová |
| 520 | |a Syndróm vyhorenia u pedagógov. Rozhodujúce faktory pri rozvoji syndrómu vyhorenia. Rozvíjanie osobnostných a profesionálnych kompetencií ako prevencia vzniku syndrómu vyhorenia. | ||
| 610 | 2 | 0 | |a psychológia |
| 610 | 2 | 0 | |a zdravie |
| 610 | 2 | 0 | |a učitelia |
| 610 | 2 | 0 | |a stresy |
| 610 | 2 | 0 | |a zaťaženie pracovné |
| 610 | 2 | 0 | |a syndróm vyhorenia |
| 610 | 2 | 0 | |a zdroje ľudské |
| 100 | 1 | |a Švamberk Šauerová, Markéta | |